Learning teaching (Record no. 31950)

MARC details
000 -LEADER
fixed length control field 00398nam a2200181Ia 4500
020 ## - INTERNATIONAL STANDARD BOOK NUMBER
ISBN 0-435-24089-7
050 ## - CALL MARK
Classification number LB 1027 .S37/
100 ## - STATEMENT OF RESPONSIBILITY--MAIN AUTHOR NAME
Personal name Scrivener, Jim
245 #0 - TITLE STATEMENT
Title Learning teaching
260 ## - PUBLICATION, DISTRIBUTION, ETC. (IMPRINT)
Place of publication Oxford
260 ## - PUBLICATION, DISTRIBUTION, ETC. (IMPRINT)
Name of publisher Macmillan
260 ## - PUBLICATION, DISTRIBUTION, ETC. (IMPRINT)
Year of publication 1994
300 ## - PHYSICAL DESCRIPTION
Number of Pages 218 p
650 ## - SUBJECT ADDED ENTRY--TOPICAL TERM
Topical Term Teaching
942 ## - ADDED ENTRY ELEMENTS (KOHA)
Koha item type Books
Holdings
Withdrawn status Lost status Source of classification or shelving scheme Damaged status Not for loan Permanent Location Current Location Date acquired Accession Number Price effective from Koha item type
    Library of Congress Classification     NILE UNIVERSITY OF NIGERIA - MAIN LIBRARY NILE UNIVERSITY OF NIGERIA - MAIN LIBRARY 04/23/2025 0004844 04/23/2025 Books